000 01035nam a2200265 a 4500
008
020 _a012719567X
049 _aMAIN
090 _aHB171.5
100 1 _aMarcis, John G.
245 1 0 _aTest bank for Introductory economics and Introductory macroeconomics and Introductory microeconomics by Michael Veseth /
_cby John G. Marcis and Michael Veseth.
260 _aNew York ;
_aLondon :
_bAcademic Press,
_cc1981.
300 _avii, 280 p. :
_bill. ;
_c24 cm.
650 0 _aEconomics
_xProblems, exercises, etc.
700 1 _aVeseth, Michael.
700 1 _aVeseth, Michael.
_tIntroductory economics.
700 1 _aVeseth, Michael.
_tIntroductory macroeconomics.
700 1 _aVeseth, Michael.
_tIntroductory microeconomics.
740 _aIntroductory economics and introductory macroeconomics and introductory microeconomics :
_bTest bank.
907 _a.b10034845
_b30-06-03
_c17-04-03
003
005 20230123133156.0
040 _cNUST
942 _cBOOKS
_kHB171.5
999 _c144040
_d144040